|
|
|
|
| LEADER |
01113nam a2200301 a 4500 |
| 001 |
43562 |
| 003 |
BD-DhAAL |
| 005 |
20241016133043.0 |
| 008 |
241016t1994 njuab 001 0 eng |
| 010 |
|
|
|a 93033454
|
| 020 |
|
|
|a 0136446590
|
| 020 |
|
|
|a 0136470742
|
| 040 |
|
|
|a DLC
|c DLC
|d DLC
|d BD-DhAAL
|
| 050 |
0 |
0 |
|a QD33
|b .B8885 1994
|
| 082 |
0 |
0 |
|a 540
|2 20
|
| 100 |
1 |
|
|a Buell, Phyllis.
|9 14527
|
| 245 |
1 |
0 |
|a Chemistry, an environmental perspective /
|c Phyllis Buell, James Girard.
|
| 260 |
|
|
|a Englewood Cliffs, N.J. :
|b Prentice Hall,
|c c1994.
|
| 300 |
|
|
|a 1 v. (various pagings) :
|b ill. (some col.), col. maps ;
|c 27 cm.
|
| 490 |
|
|
|a Study guide
|
| 500 |
|
|
|a Includes index.
|
| 541 |
|
|
|a Donation from the Asia Foundation/ Savar Campus
|e 43562
|
| 650 |
|
0 |
|a Chemistry.
|
| 700 |
1 |
|
|a Girard, James.
|9 14529
|
| 830 |
|
|
|a Study guide
|9 56975
|
| 942 |
|
|
|2 ddc
|c BK
|
| 999 |
|
|
|c 47020
|d 47020
|
| 952 |
|
|
|0 0
|1 0
|2 ddc
|4 0
|6 540_000000000000000_BUE
|7 0
|9 76692
|a SCL
|b SCL
|c GEN
|d 2024-10-16
|e Donation from the Asia Foundation/ Savar Campus
|l 0
|o 540 BUE
|p 3020043562
|r 2024-10-16
|t 1
|w 2024-10-16
|y BK
|x Price not available in register.
|